000 00470nam a2200181Ia 4500
008 230711s9999||||xx |||||||||||||| ||und||
020 _a978-81-203-4123-4
041 _aENG
082 _a621.317
_bPA-P
100 _aPaithankar Y. G.
245 0 _aFundamentals of Power System Protection
250 _a2nd Ed.
260 _c2010
_aNew Delhi
_bPHI Learning Private Limited
300 _a366p.
650 _aElectrical Engineering
700 _aBhide,SR
942 _cBK
999 _c6955
_d6955